000 01116nam a22002777a 4500
001 2881
003 FISKH
005 20251212135914.0
008 240119b cb ||||| |||| 00| 0 eng d
040 _aFISKH
_beng
_cFISKH
_dFISKH
050 _aPZ7.H83314
082 _a813.6
100 _aHoward, Kate
245 _aTechno Strike! /
_cby Howard, Kate :
250 _aFirst printing , July 2014
260 _aNew York :
_bScholastic ,
_c2014
300 _a32 pages :
_bcolor illustrations ;
_c24 cm.
490 _a LEGO Ninjago Reader
505 _aM
520 _aThe Masters of Spinjitzu have escaped the Overlord and his henchman, Cyrus Borg. But now Sensei Wu is the Overlord's captive, and the ninja are desperate to get him back. There's only one way to stop the Overlord, and that's to wipe out his power at the source -- a system reboot. But the Overlord's minions, the Nindroids, are everywhere, and they are just as skilled as the ninja.
521 8 _a530
_bLexile
521 8 _aM
_bRaz-Plus
600 _2lego
_vfiction
610 _2ninjago
_vscholastic book
942 _2ddc
_cBK
_n0
999 _c2881
_d2881